000 00735nam a2200241 4500
001 02215726
003 DO-SdBPM
005 20250901095843.0
008 180119b2011 sp | 00| 0 spa d
020 _a9788420465005
040 _aDO-SdBPM
_bspa
_cBPMSU
082 4 _a823.91
_bD131d 2011
_222
100 1 _aDahl, Roald
_d1916-1990.
245 1 0 _aDanny, el campeón del mundo /
_cRoald Dahl ; ilustraciones de Quentin Blake
260 _aMadrid:
_bEdiciones Alfaguara,
_c2011
300 _a195 p. :
_c21 cm.
490 0 _aAlfaguara juvenil
590 _aInventariado, 2025/VM
650 4 _aNovela juvenil inglesa
_2
700 1 _aBlake, Quentin
_eilustración
910 _aVMateo V. Control de calidad. BPMSU
942 _2ddc
_cBK
999 _c9074
_d9074